Statistiques concernant Villes de France en 8 lettres - Carte Quiz

Cliquez ici pour prendre le quiz!

Statistiques générales

  • Ce quiz a été pris 383 fois
    (344 depuis la dernière actualisation)
  • Le résultat moyen est 15 sur 20

Réponses sur la Carte

Les réponses sont colorées sur une échelle allant du rouge au vert en fonction du pourcentage des utilisateurs qui les ont devinées à leur premier essai. Vous pouvez retrouver ces pourcentages ci-dessous.
 

Statistiques - réponses

Réponse% Correct
Toulouse
87%
Biarritz
86%
Bordeaux
86%
Grenoble
84%
Nanterre
84%
Mulhouse
83%
Arcachon
81%
Narbonne
80%
Poitiers
78%
Besançon
73%
Guingamp
73%
Chartres
72%
La Ciotat
71%
Guérande
69%
Aurillac
68%
Honfleur
65%
Soissons
60%
Manosque
56%
Chaumont
52%
Lanester
47%

Distribution des résultats

Percentile par nombre de réponses

% des personnes avec chaque résultat

Votre développement - résultats

Vous n’avez pas pris ce quiz depuis la dernière actualisation